000 00754nam a2200193 i 4500
001 27434
003 ES-MaACL
005 20250808085332.0
007 t|
008 151013s1945 sp ||||1| spa d
100 1 _aAyala, Manuel José de.
_924120
245 1 0 _aNotas a la Recopilación de Indias
_b: origen e historia ilustrada de las leyes de Indias /
_cpor Manuel Josef de Ayala... obra inédita ; transcripción y estudio preliminar de Juan Manzano Manzano.
260 _aMadrid :
_bCultura Hispánica,
_c1945 (
_fGráf. Ultra)
300 _aCXXX p., 7 h., 458 p. ;
_c28 cm.
650 4 _aDerecho colonial-
_zAmérica española
_911671
700 1 _aManzano Manzano, Juan.
_976227
852 _aES-MaACL
_jP-936
999 _c27434
_d27434